000 nam a22 a 4500
999 _c2521
_d2521
003 AKMAL
005 20170517103613.0
008 170517s1994 -us 00 eng d
020 _a0963975781:
_cfree
040 _aAKMAL
_cAKMAL
082 0 4 _a615.822 SHA
090 2 0 _a615.822
_bSHA
100 1 _aShazryl, Eskay
_95239
245 1 0 _aSports & stress therapy :
_bathletic rehabilitation on massage, stretching & strenghtening /
_cEskay Shazryl & Jarrods Hanks
260 _aOklahoma, USA :
_bEskay Inc,
_cc1994
300 _aix, 130p. :
_bill. (some col.) ;
_c31cm
650 _aSports physical therapy
_95240
650 _aMassage
_95241
650 _aStretching exercises
_95242
650 _aMyofascial pain syndromes
_xPhysical theraphy
_95243
650 _aMyofascial pain syndromes
_xPrevention
_95244
700 1 _aHanks, jarrod
_95245
942 _2ddc
_cBOOK